Ensayos sobre temas de auditoria
Uloženo v:
| Hlavní autor: | |
|---|---|
| Médium: | Kniha |
| Jazyk: | španělština |
| Vydáno: |
Buenos Aires
Macchi
1975
|
| Edice: | Club de estudio, 3
|
| Témata: | |
| Tagy: |
Přidat tag
Žádné tagy, Buďte první, kdo vytvoří štítek k tomuto záznamu!
|
MARC
| LEADER | 00000nam a2200000 a 4500 | ||
|---|---|---|---|
| 001 | UCX8806 | ||
| 003 | CL-VaPUC | ||
| 008 | 940502e19750000AG |||||||||||||||||spa|d | ||
| 082 | 0 | 4 | |a 657.45 |b WAI |2 21 |
| 100 | 0 | |a Wainstein, Mario |e author |9 326014 | |
| 245 | 1 | 0 | |a Ensayos sobre temas de auditoria |
| 300 | |a 70 p | ||
| 942 | |c BK | ||
| 945 | |d 19940502 00:00:00 |a mfernand | ||
| 260 | |a Buenos Aires |b Macchi |c 1975 | ||
| 650 | 0 | |a Auditoría |9 307008 | |
| 583 | |a last modification |c 19940502 00:00:00 |k Rodrigo Vera | ||
| 490 | 0 | |a Club de estudio, 3 | |
| 999 | |c 228203 |d 228201 | ||
| 952 | |0 0 |1 0 |4 0 |6 657_450000000000000_WAI_1975 |7 0 |8 A |9 228000 |a BIBGIM |b BIBGIM |d 2019-11-15 |i 2969300 |o 657.45 WAI 1975 |p 2969300 |r 2025-01-15 |w 2019-11-15 |y BK |k COM | ||